| 000 | 00936nam a22003017a 4500 | ||
|---|---|---|---|
| 001 | 6760 | ||
| 003 | FISKH | ||
| 005 | 20250604084755.0 | ||
| 008 | 250526b cb ||||| |||| 00| 0 eng d | ||
| 020 | _a0590425048 | ||
| 040 |
_aFISKH _beng _cFISKH _dFISKH |
||
| 050 | _aPZ7.H31115 J | ||
| 082 | _a823.914 | ||
| 100 |
_aHavill, Juanita _d(1949-) |
||
| 245 |
_aJamaica's find / _cJuanita Havill ; Illustrations by Anne Sibley O'Brien |
||
| 250 | _aThis edition first published in 1989 | ||
| 260 |
_aBoston : _bScholastic, _c1986 |
||
| 300 |
_a32 pages : _bcolor illustrations ; _c21 x 23 cm |
||
| 505 | _aJ | ||
| 520 | _aA little girl finds a stuffed dog in the park and decides to take it home. | ||
| 521 | 8 |
_a460
_bLexile |
|
| 521 | 8 |
_aJ
_bRaz-Plus |
|
| 650 |
_2Integrity _aReading Rainbow |
||
| 650 |
_2Honesty _aPicture book |
||
| 700 |
_aO'Brien, Sibley Anne _dillustrator |
||
| 942 |
_2ddc _cBK _n0 |
||
| 999 |
_c6760 _d6760 |
||